Представление документа в формате MARC21

Поле Инд. ПП Название Значение
Тип записи a
Библиографический уровень m
001 Контрольный номер f6ba9b11-cdc0-4e19-a10e-c3fa4031406c
005 Дата корректировки 20250210161617.0
008 Кодируемые данные 980507 d
040 a Служба первич. каталог. НБ ТвГУ
041 0_ a Код языка текста rus
080 a Индекс УДК 882.09
084 a Индекс другой классификации/Индекс ББК Ш5(2)6-3
090 a Полочн. индекс 8Р2
x Авторский знак К43
c Каталожный индекс Ш5(2)6-3
100 1_ a Автор Кирпотин Валерий Яковлевич
245 0_ a Заглавие Начало
b Продолж. заглавия Автобиогр. страницы
c Ответственность В. Кирпотин
260 0_ a Место издания Москва
b Издательство Советский писатель
c Дата издания 1986
300 a Объем 253,[2] c.
583 a Действие Приписка 252 24.04.98
k Исполнитель действия ОРФ ОУНБ им.А.М.Горького
650 04 a Основная рубрика Советская литература
650 04 a Основная рубрика Русская литература
x Основная подрубрика История
y Хронологическая подрубрика 20 в.
653 0_ a Ключевые слова Русская литература 20 в.
a Ключевые слова Советская литература
888 a Безвозмездно
952 p 252.98 5.87 1 695790
c Вид литературы К рн
954 a Дата поступления на обработку 29.04.98